01016nam a2200289Ia 450000500170000000800410001702000180005810000290007624500800010525000180018530000250020349000200022850000420024858600370029065000370032765000410036465000400040565000480044565000360049370000320052926400310056133600270059233700330061933800280065204000350068008400110071520220317001506.0161108s9999 xx 000 0 und d a97895889401681 aJelinek, Elfrieded1946-14aLos excluidoscElfriede Jelinek; traducción de Carmen Vázquez de Castro a1a. edición a249 páginasc19 cm aContemporánea aIncluye datos biográficos del autor aPremio Nobel de Literatura, 2004142LEMBaNovela austriacaySiglo XX142LEMBaLiteratura austriacaySiglo XX142LEMBaAdolescencia en la literatura142LEMBaDelincuencia juvenil en la literatura142LEMBaLadrones en la literatura1 aVázquez de Castro, Carmen aBogotábDebolsilloc2006 atextobtxt2rdacontent asin mediaciónbn2rdamedia avolumenbnc2rdacarrier aCO-BoRNBPbspaerdacCO-BoRNBP aN JEL1